|
|
|
|
| LEADER |
00000nab a2200000 ar4500 |
| 001 |
vtls010081424 |
| 003 |
SK-MaSNL |
| 005 |
20260303050935.0 |
| 008 |
100331c1973 xo |r|p|||||||000 b|slo |
| 015 |
|
|
|a SNBRB1973
|
| 038 |
|
|
|a SNKBUCL
|
| 040 |
|
|
|a SNKBUCL
|b slo
|c SNKBUCL
|e AACR2
|
| 041 |
|
|
|a slo
|
| 044 |
|
|
|a xo
|c SK
|
| 080 |
|
|
|a 75.071.1
|2 1997
|
| 080 |
|
|
|a 929 Matejka, Peter
|2 1997
|
| 245 |
0 |
0 |
|a Ako chlieb a soľ-
|b k nedožitým šesťdesiatinám Petra Matejku
|c Helena Dvořáková
|
| 600 |
1 |
7 |
|a Matejka, Peter,
|d 1913-1972
|2 snkbucl
|9 132043
|
| 655 |
|
7 |
|a profily
|2 snkbucl
|9 341977
|
| 773 |
0 |
|
|t Nové slovo
|g Roč. 15, č. 26 (1973), s. 10
|
| 852 |
|
|
|a SNK
|b KIS3GCP
|
| 958 |
|
|
|a BX
|
| 999 |
|
|
|c 1709607
|d 1711537
|